000 00249nam a2200097Ia 4500
008 240331s9999 xx 000 0 und d
082 _bIDE
100 _aThiruchandran,S
245 4 _aThe Ideological factori :
_bn the subordination of women
942 _cL
999 _c4516
_d4516